[Event "POL-ch Universities (Women)"]
[Site "Lublin"]
[Date "2024.02.23"]
[Round "3"]
[White "Furtak, Joanna"]
[Black "Harazinska, Magdalena"]
[Result "1/2-1/2"]
[WhiteElo "1883"]
[BlackElo "1950"]
[PlyCount "96"]
[EventDate "2024.02.22"]
[EventType "swiss"]
[EventRounds "9"]
[EventCountry "POL"]
[SourceTitle "CB10_2024"]
[SourceDate "2024.03.06"]
[SourceVersion "1"]
[SourceVersionDate "2024.03.06"]
[SourceQuality "1"]

1. e4 c5 2. Nf3 d6 3. d4 cxd4 4. Nxd4 Nf6 5. Nc3 a6 6. Nb3 e6 7. Be3 Qc7 8. g4 b5 9. g5 Nfd7 10. f4 Bb7 11. Bg2 Be7 12. 0-0 Nc6 13. Ne2 0-0 14. Ng3 Rfe8 15. Rc1 Nb6 16. Nd2 Na4 17. Rb1 Nb6 18. Rc1 d5 19. Qg4 Rad8 20. c3 Nc4 21. Nxc4 dxc4 22. Rfd1 Rxd1+ 23. Rxd1 Rd8 24. h4 b4 25. Qe2 Rxd1+ 26. Qxd1 Qd8 27. Qxd8+ Bxd8 28. Bf1 bxc3 29. bxc3 Ba5 30. Bxc4 Bxc3 31. f5 Ne5 32. Bb3 Nf3+ 33. Kf2 Nxh4 34. fxe6 fxe6 35. Bxe6+ Kf8 36. Bc5+ Ke8 37. Bd5 Bxd5 38. exd5 Bd2 39. Ne4 Bf4 40. Bd6 Bxd6 41. Nxd6+ Kd7 42. Ne4 a5 43. Nc5+ Kd6 44. Nb7+ Kxd5 45. Nxa5 Nf5 46. Kf3 Nd4+ 47. Kg4 Ne6 48. Nb3 h6 1/2-1/2

[Event "Titled Tuesday intern op 18th Jan"]
[Site "Chess.com INT"]
[Date "2022.01.18"]
[Round "8"]
[White "Bouget, Alexandre"]
[Black "Furtak, Joanna"]
[Result "0-1"]
[WhiteElo "2250"]
[BlackElo "1877"]
[PlyCount "48"]
[EventDate "2022.01.18"]
[EventType "swiss (blitz)"]
[EventRounds "11"]
[EventCountry "USA"]
[SourceTitle "CBM 206 Extra"]
[Source "ChessBase"]
[SourceDate "2022.03.31"]
[SourceVersion "1"]
[SourceVersionDate "2022.03.31"]
[SourceQuality "1"]

1. Nc3 c5 2. Nf3 Nc6 3. g3 g6 4. Bg2 Bg7 5. 0-0 Nf6 6. e4 d6 7. d3 0-0 8. h3 a6 9. Be3 h6 10. Qd2 Kh7 11. a4 Rb8 12. Nh4 b5 13. axb5 axb5 14. f4 Nd4 15. Nd1 e5 16. f5 d5 17. g4 Nxe4 18. dxe4 Qxh4 19. fxg6+ fxg6 20. Rxf8 Bxf8 21. exd5 Qg3 22. Ra7+ Rb7 23. Ra8 Nf3+ 24. Kh1 Qh2# 0-1

[Event "Titled Tuesday intern op 18th Jan"]
[Site "Chess.com INT"]
[Date "2022.01.18"]
[Round "11"]
[White "Furtak, Joanna"]
[Black "Gabdushev, Ruslan"]
[Result "0-1"]
[WhiteElo "1877"]
[BlackElo "2256"]
[PlyCount "72"]
[EventDate "2022.01.18"]
[EventType "swiss (blitz)"]
[EventRounds "11"]
[EventCountry "USA"]
[SourceTitle "CBM 206 Extra"]
[Source "ChessBase"]
[SourceDate "2022.03.31"]
[SourceVersion "1"]
[SourceVersionDate "2022.03.31"]
[SourceQuality "1"]

1. e4 Nc6 2. Nc3 e6 3. d4 Bb4 4. Nge2 d6 5. a3 Ba5 6. g3 Nge7 7. Bg2 0-0 8. 0-0 f5 9. Be3 Bb6 10. exf5 Nxf5 11. Na4 Nxe3 12. fxe3 Rxf1+ 13. Qxf1 Bd7 14. Nxb6 axb6 15. Nf4 Qg5 16. Qc4 Re8 17. Rf1 h5 18. d5 Ne5 19. Qb3 exd5 20. Bxd5+ Kh7 21. Be6 Bc6 22. Bd5 h4 23. Bxc6 bxc6 24. Ne6 Rxe6 25. Qxe6 Qxe3+ 26. Kh1 Qe4+ 27. Kg1 Nf3+ 28. Rxf3 Qxe6 29. Kg2 h3+ 30. Kf2 Qe4 31. c3 Qc2+ 32. Ke3 Qxh2 33. Rf4 Qxg3+ 34. Ke4 h2 35. Rf5 h1Q+ 36. Kd4 Qd5+ 0-1

[Event "Titled Tuesday intern op 18th Jan"]
[Site "Chess.com INT"]
[Date "2022.01.18"]
[Round "3"]
[White "Papp, Petra"]
[Black "Furtak, Joanna"]
[Result "1-0"]
[WhiteElo "2336"]
[BlackElo "1877"]
[PlyCount "61"]
[EventDate "2022.01.18"]
[EventType "swiss (blitz)"]
[EventRounds "11"]
[EventCountry "USA"]
[SourceTitle "CBM 206 Extra"]
[Source "ChessBase"]
[SourceDate "2022.03.31"]
[SourceVersion "1"]
[SourceVersionDate "2022.03.31"]
[SourceQuality "1"]

1. d4 Nf6 2. c4 g6 3. Nc3 Bg7 4. e4 d6 5. h3 Nbd7 6. Be3 0-0 7. Qd2 c5 8. Nf3 a6 9. Bd3 Rb8 10. 0-0 b5 11. cxb5 axb5 12. Nxb5 Nxe4 13. Bxe4 Rxb5 14. a4 Rb8 15. a5 Bb7 16. Bxb7 Rxb7 17. a6 Ra7 18. b4 cxd4 19. Bxd4 Bxd4 20. Qxd4 Qb6 21. Qxb6 Nxb6 22. b5 e5 23. Rfc1 Nd5 24. Nd2 Rb8 25. Rab1 Nf4 26. Kf1 Nd3 27. Rc6 d5 28. Nf3 e4 29. Nd4 Ne5 30. Rcc1 Nc4 31. Nc6 1-0

[Event "Titled Tuesday intern op 18th Jan"]
[Site "Chess.com INT"]
[Date "2022.01.18"]
[Round "10"]
[White "Rangel, Daniel"]
[Black "Furtak, Joanna"]
[Result "0-1"]
[WhiteElo "2207"]
[BlackElo "1877"]
[PlyCount "64"]
[EventDate "2022.01.18"]
[EventType "swiss (blitz)"]
[EventRounds "11"]
[EventCountry "USA"]
[SourceTitle "CBM 206 Extra"]
[Source "ChessBase"]
[SourceDate "2022.03.31"]
[SourceVersion "1"]
[SourceVersionDate "2022.03.31"]
[SourceQuality "1"]

1. e4 c5 2. Nf3 Nc6 3. d4 cxd4 4. Nxd4 Qb6 5. Nb3 Nf6 6. Nc3 e6 7. Be3 Qc7 8. Be2 a6 9. 0-0 Be7 10. f4 d6 11. Bf3 0-0 12. Kh1 Rb8 13. a4 b5 14. axb5 axb5 15. Qe1 Nb4 16. Qf2 e5 17. Rac1 Be6 18. Qg3 Nxc2 19. Rxc2 Bxb3 20. Rcc1 Bc4 21. Rfd1 Rfd8 22. f5 Qb7 23. Bh6 Ne8 24. Nd5 Bxd5 25. Rxd5 Rdc8 26. Re1 Kh8 27. Be3 Nf6 28. Rd3 Nxe4 29. Qg4 d5 30. f6 Bxf6 31. Rd4 exd4 32. Bf2 Nxf2+ 0-1

[Event "Titled Tuesday intern op 11th Jan"]
[Site "Chess.com INT"]
[Date "2022.01.11"]
[Round "9"]
[White "Furtak, Joanna"]
[Black "Baches Garcia, Guillermo"]
[Result "0-1"]
[WhiteElo "1877"]
[BlackElo "2329"]
[PlyCount "102"]
[EventDate "2022.01.11"]
[EventType "swiss (blitz)"]
[EventRounds "11"]
[EventCountry "USA"]
[SourceTitle "CBM 206 Extra"]
[Source "ChessBase"]
[SourceDate "2022.03.31"]
[SourceVersion "1"]
[SourceVersionDate "2022.03.31"]
[SourceQuality "1"]

1. e4 c5 2. Nf3 d6 3. d4 cxd4 4. Nxd4 Nf6 5. Nc3 Nc6 6. Bg5 e6 7. Qd2 h6 8. Bxf6 gxf6 9. 0-0-0 a6 10. f4 Bd7 11. Kb1 Qb6 12. Nxc6 Qxc6 13. f5 0-0-0 14. Be2 h5 15. Rhf1 Be7 16. Bf3 Qc5 17. Ne2 h4 18. Nf4 Rhg8 19. Bh5 Rdf8 20. Qe2 Bb5 21. Nd3 Qc7 22. Bg4 e5 23. Bh3 Kb8 24. Rf3 Rc8 25. Qf2 Qa5 26. Qxh4 Bd8 27. Qe1 Qxe1 28. Rxe1 Ba5 29. Rd1 Bc6 30. Re3 Rh8 31. c4 Bb6 32. Ree1 Bd4 33. b3 Rh4 34. Nc1 Bxe4+ 35. Nd3 Rch8 36. Kc2 Rxh3 37. gxh3 Bxf5 38. Rf1 Bg6 39. Rf3 Rh4 40. Rxf6 e4 41. Nf4 Bxf6 42. Nxg6 fxg6 43. Rf1 Be5 44. Rf8+ Kc7 45. Kd2 Rxh3 46. Rf7+ Kc6 47. Ke2 Rxh2+ 48. Ke3 Rxa2 49. Kxe4 g5 50. Rf8 Rb2 51. Rc8+ Kd7 0-1

[Event "Titled Tuesday intern op 11th Jan"]
[Site "Chess.com INT"]
[Date "2022.01.11"]
[Round "6"]
[White "Johnson, Ben"]
[Black "Furtak, Joanna"]
[Result "1-0"]
[WhiteElo "2104"]
[BlackElo "1877"]
[PlyCount "67"]
[EventDate "2022.01.11"]
[EventType "swiss (blitz)"]
[EventRounds "11"]
[EventCountry "USA"]
[SourceTitle "CBM 206 Extra"]
[Source "ChessBase"]
[SourceDate "2022.03.31"]
[SourceVersion "1"]
[SourceVersionDate "2022.03.31"]
[SourceQuality "1"]

1. Nf3 Nf6 2. c4 g6 3. b3 Bg7 4. Bb2 0-0 5. g3 c6 6. Bg2 d5 7. d4 dxc4 8. bxc4 Qb6 9. Qb3 Qc7 10. 0-0 a5 11. Nc3 Na6 12. e4 Nd7 13. Rfe1 e5 14. d5 Ndc5 15. Qc2 Nb4 16. Qd2 Ncd3 17. Re3 Nxb2 18. Qxb2 cxd5 19. Nxd5 Qxc4 20. Nb6 Qc6 21. Nxa8 Rd8 22. a3 Nc2 23. Rc3 Nxa1 24. Rxc6 Rd1+ 25. Bf1 bxc6 26. Qb8 Rd8 27. Qc7 Rf8 28. Nxe5 Be6 29. Nb6 Nc2 30. Bc4 Nxa3 31. Bxe6 fxe6 32. Nbd7 Re8 33. Nc5 Rf8 34. Nxe6 1-0

[Event "EU-ch Rapid"]
[Site "Katowice"]
[Date "2021.12.18"]
[Round "1"]
[White "Furtak, Joanna"]
[Black "Krasenkow, Michal"]
[Result "0-1"]
[WhiteElo "1877"]
[BlackElo "2576"]
[PlyCount "56"]
[EventDate "2021.12.18"]
[EventType "swiss (rapid)"]
[EventRounds "11"]
[EventCountry "POL"]
[SourceTitle "CBM 205 Extra"]
[Source "ChessBase"]
[SourceDate "2022.01.31"]
[SourceVersion "1"]
[SourceVersionDate "2022.01.31"]
[SourceQuality "1"]

1. e4 d6 2. d4 Nf6 3. Nc3 c6 4. f4 Qa5 5. Bd3 e5 6. Nf3 Bg4 7. dxe5 dxe5 8. h3 Bxf3 9. Qxf3 Nbd7 10. f5 0-0-0 11. Bd2 Nc5 12. 0-0-0 Nxd3+ 13. cxd3 Nd7 14. Kc2 Nc5 15. Be3 Be7 16. Qf2 Rd7 17. d4 Na4 18. Nxa4 Qxa4+ 19. Kb1 exd4 20. Rxd4 Rxd4 21. Bxd4 Rd8 22. Be3 Qxe4+ 23. Ka1 Bh4 24. Qf4 Qxg2 25. Rc1 Bf6 26. Rb1 Rd1 27. Qb4 Qc2 28. Qf8+ Bd8 0-1

[Event "EU-ch Blitz"]
[Site "Katowice"]
[Date "2021.12.17"]
[Round "2"]
[White "Furtak, Joanna"]
[Black "Kovalenko, Igor"]
[Result "0-1"]
[WhiteElo "1877"]
[BlackElo "2668"]
[PlyCount "82"]
[EventDate "2021.12.17"]
[EventType "swiss (blitz)"]
[EventRounds "22"]
[EventCountry "POL"]
[SourceTitle "CBM 205 Extra"]
[Source "ChessBase"]
[SourceDate "2022.01.31"]
[SourceVersion "1"]
[SourceVersionDate "2022.01.31"]
[SourceQuality "1"]

1. e4 d5 2. exd5 Qxd5 3. Nf3 Bg4 4. Be2 Nc6 5. h3 Bh5 6. Nc3 Qd7 7. 0-0 Nf6 8. d3 e6 9. Bg5 Be7 10. Qd2 h6 11. Bf4 g5 12. Bh2 Bd6 13. Rad1 0-0-0 14. a3 Rdg8 15. Bxd6 cxd6 16. Nh2 Bxe2 17. Nxe2 h5 18. Ng3 d5 19. b4 Qc7 20. b5 Ne5 21. a4 h4 22. Ne2 g4 23. hxg4 Nfxg4 24. Nxg4 Rxg4 25. f4 Ng6 26. Kh2 Ne7 27. Qc3 Rhg8 28. Qxc7+ Kxc7 29. Rg1 Nf5 30. Rdf1 Kb6 31. c4 dxc4 32. dxc4 Ne3 33. Rf2 Nxc4 34. g3 hxg3+ 35. Rxg3 Ka5 36. Rxg4 Rxg4 37. f5 e5 38. Nc3 Nd6 39. Re2 e4 40. Kh3 Rf4 41. Kg3 Rf3+ 0-1

[Event "Titled Tuesday intern op 14th Sept"]
[Site "Chess.com INT"]
[Date "2021.09.14"]
[Round "6"]
[White "Furtak, Joanna"]
[Black "Isajevsky, Anton"]
[Result "0-1"]
[WhiteElo "1877"]
[BlackElo "2403"]
[PlyCount "56"]
[EventDate "2021.09.14"]
[EventType "swiss (blitz)"]
[EventRounds "11"]
[EventCountry "USA"]
[SourceTitle "EXT 2022"]
[Source "ChessBase"]
[SourceDate "2021.10.06"]
[SourceVersion "1"]
[SourceVersionDate "2021.10.06"]
[SourceQuality "1"]

1. e4 c5 2. Nf3 d6 3. d4 cxd4 4. Nxd4 Nf6 5. Nc3 a6 6. h3 e5 7. Nde2 h5 8. g3 b5 9. Bg2 Bb7 10. Nd5 Nbd7 11. 0-0 Be7 12. a4 Nxd5 13. exd5 0-0 14. axb5 axb5 15. Rxa8 Qxa8 16. Nc3 b4 17. Nb1 h4 18. g4 Nb6 19. Bd2 Nxd5 20. Bxd5 Bxd5 21. Bxb4 Rb8 22. Ba3 Bg5 23. Nc3 Bf3 24. Qxd6 Bf4 25. Re1 Rd8 26. Qb6 Bh1 27. Ne4 Bxe4 28. Rxe4 Rd1+ 0-1

[Event "Titled Tuesday intern op 07th Sept"]
[Site "Chess.com INT"]
[Date "2021.09.07"]
[Round "5"]
[White "Furtak, Joanna"]
[Black "Abdyjapar, Asyl"]
[Result "1-0"]
[WhiteElo "1877"]
[BlackElo "2409"]
[PlyCount "67"]
[EventDate "2021.09.07"]
[EventType "swiss (blitz)"]
[EventRounds "11"]
[EventCountry "USA"]
[SourceTitle "EXT 2022"]
[Source "ChessBase"]
[SourceDate "2021.10.06"]
[SourceVersion "1"]
[SourceVersionDate "2021.10.06"]
[SourceQuality "1"]

1. e4 c5 2. Nf3 d6 3. d4 cxd4 4. Nxd4 Nf6 5. Nc3 g6 6. Be3 Bg7 7. Qd2 0-0 8. f3 Nc6 9. Bc4 Bd7 10. Bb3 Rb8 11. g4 b5 12. h4 h5 13. gxh5 Nxh5 14. 0-0-0 b4 15. Nd5 e6 16. Nxc6 Bxc6 17. Nf4 Qf6 18. Nd3 Qxf3 19. e5 dxe5 20. Rhf1 Qe4 21. Bxa7 Rb7 22. Nc5 Qxh4 23. Nxb7 Bxb7 24. Bc5 Rc8 25. Qd7 Nf4 26. Bf2 Qg5 27. Qxb7 Rf8 28. Kb1 Ne2 29. Bc5 e4 30. Bxf8 Bf6 31. Qc8 Qe5 32. Be7+ Kh7 33. Rh1+ Kg7 34. Qf8# 1-0

[Event "Titled Tuesday intern op 07th Sept"]
[Site "Chess.com INT"]
[Date "2021.09.07"]
[Round "1"]
[White "Toczek, Grzegorz"]
[Black "Furtak, Joanna"]
[Result "1/2-1/2"]
[WhiteElo "2271"]
[BlackElo "1877"]
[PlyCount "81"]
[EventDate "2021.09.07"]
[EventType "swiss (blitz)"]
[EventRounds "11"]
[EventCountry "USA"]
[SourceTitle "EXT 2022"]
[Source "ChessBase"]
[SourceDate "2021.10.06"]
[SourceVersion "1"]
[SourceVersionDate "2021.10.06"]
[SourceQuality "1"]

1. e4 c5 2. Nf3 Nc6 3. Bb5 g6 4. Bxc6 dxc6 5. h3 Bg7 6. Nc3 Nf6 7. d3 Nd7 8. Be3 e5 9. Qd2 h6 10. Nh2 b6 11. f4 Qe7 12. Nf3 exf4 13. Bxf4 g5 14. Bh2 Ne5 15. Nxe5 Bxe5 16. Bxe5 Qxe5 17. 0-0 0-0 18. Rae1 Be6 19. Rf3 Rad8 20. Qe2 g4 21. Re3 gxh3 22. gxh3 Kh7 23. Rf1 Rg8+ 24. Kh1 Rg3 25. Rff3 Rdg8 26. Qf2 R3g7 27. Ne2 Qxb2 28. Nf4 Rg1+ 29. Qxg1 Rxg1+ 30. Kxg1 Qc1+ 31. Kg2 Qxc2+ 32. Rf2 Qc3 33. Nxe6 fxe6 34. Ref3 b5 35. Rf7+ Kg6 36. R2f3 b4 37. Rf8 Kg7 38. R3f7+ Kg6 39. Rf3 Kg7 40. R3f7+ Kg6 41. Rf3 1/2-1/2

[Event "Titled Tuesday intern op 31st Aug"]
[Site "Chess.com INT"]
[Date "2021.08.31"]
[Round "7"]
[White "Lisik, Valery"]
[Black "Furtak, Joanna"]
[Result "1-0"]
[WhiteElo "2440"]
[BlackElo "1876"]
[PlyCount "125"]
[EventDate "2021.08.31"]
[EventType "swiss (blitz)"]
[EventRounds "11"]
[EventCountry "USA"]
[SourceTitle "EXT 2022"]
[Source "ChessBase"]
[SourceDate "2021.10.06"]
[SourceVersion "1"]
[SourceVersionDate "2021.10.06"]
[SourceQuality "1"]

1. d4 Nf6 2. c4 g6 3. Nc3 Bg7 4. e4 d6 5. Nf3 0-0 6. Be2 e5 7. 0-0 Nc6 8. d5 Ne7 9. Ne1 Nd7 10. f3 f5 11. g4 Nf6 12. Nd3 fxe4 13. fxe4 h5 14. g5 Nh7 15. h4 Qd7 16. Rxf8+ Bxf8 17. Nf2 c6 18. Bf1 cxd5 19. cxd5 a6 20. Bh3 Qc7 21. Bxc8 Rxc8 22. Be3 b5 23. Rc1 Qb7 24. a3 Bg7 25. Na2 Nf8 26. Nb4 Nd7 27. Rxc8+ Qxc8 28. Qc2 Qxc2 29. Nxc2 Kf8 30. Nd3 Nc8 31. Ncb4 a5 32. Nc6 a4 33. Kf2 Ke8 34. Ndb4 Bf8 35. Na2 Ndb6 36. Bxb6 Nxb6 37. Nc3 Nc4 38. Nxb5 Nxb2 39. Nc7+ Kd7 40. Nb5 Be7 41. Ke2 Bd8 42. Nxd8 Kxd8 43. Nxd6 Kd7 44. Nb5 Ke7 45. Kd2 Nc4+ 46. Kd3 Nb2+ 47. Kc2 Nc4 48. Kc3 Ne3 49. Kb4 Ng2 50. Kc5 Nxh4 51. Kc6 Nf3 52. Kc7 Nxg5 53. d6+ Kf7 54. Kc8 Ne6 55. Nc7 Nc5 56. Na6 Ne6 57. d7 h4 58. Nc7 h3 59. Nxe6 h2 60. Ng5+ Kf6 61. d8Q+ Kg7 62. Qe7+ Kh8 63. Qh7# 1-0

[Event "Krakow Malopolska-ch"]
[Site "Krakow"]
[Date "2021.06.03"]
[Round "1"]
[White "Paszewski, Mateusz"]
[Black "Furtak, Joanna"]
[Result "1-0"]
[WhiteElo "2287"]
[BlackElo "2022"]
[PlyCount "63"]
[EventDate "2021.06.03"]
[EventType "swiss"]
[EventRounds "7"]
[EventCountry "POL"]
[SourceTitle "CBM 202 Extra"]
[Source "ChessBase"]
[SourceDate "2021.07.31"]
[SourceVersion "1"]
[SourceVersionDate "2021.07.31"]
[SourceQuality "1"]

1. Nf3 Nf6 2. c4 g6 3. b3 Bg7 4. Bb2 c5 5. g3 Nc6 6. Bg2 0-0 7. 0-0 d6 8. d4 cxd4 9. Nxd4 Bd7 10. Nc3 Qc8 11. Rc1 Re8 12. Nd5 Nxd4 13. Qxd4 Nh5 14. Qd2 Bxb2 15. Qxb2 Rb8 16. Rfd1 Bc6 17. c5 e6 18. Ne3 d5 19. Ng4 Kf8 20. e4 dxe4 21. Qe5 Rd8 22. Rd6 Bd5 23. b4 Ke7 24. Qg5+ Kf8 25. Qe5 Ke7 26. Ne3 Bxa2 27. Rcd1 f6 28. Qa1 Bd5 29. Nxd5+ exd5 30. R1xd5 Rxd6 31. cxd6+ Kd7 32. Rxh5 1-0

[Event "Poronin Tatra Limba op"]
[Site "Poronin"]
[Date "2021.05.26"]
[Round "7"]
[White "Zysko, Jan"]
[Black "Furtak, Joanna"]
[Result "1/2-1/2"]
[WhiteElo "2145"]
[BlackElo "1892"]
[PlyCount "75"]
[EventDate "2021.05.22"]
[EventType "swiss"]
[EventRounds "9"]
[EventCountry "POL"]
[SourceTitle "EXT 2022"]
[Source "ChessBase"]
[SourceDate "2021.10.06"]
[SourceVersion "1"]
[SourceVersionDate "2021.10.06"]
[SourceQuality "1"]

1. e4 c5 2. Nf3 Nc6 3. d4 cxd4 4. Nxd4 Qb6 5. Nb3 Nf6 6. Nc3 e6 7. Be3 Qc7 8. a3 a6 9. f4 d6 10. Bd3 h5 11. Qf3 b5 12. 0-0 Bb7 13. Kh1 Be7 14. Qh3 Rd8 15. Rae1 b4 16. axb4 Nxb4 17. Nd4 Nxd3 18. cxd3 Ng4 19. Bg1 e5 20. Nf5 Bf6 21. d4 g6 22. Nxd6+ Qxd6 23. fxe5 Bxe5 24. dxe5 Qxe5 25. Nd5 0-0 26. Qh4 Bxd5 27. exd5 Qxd5 28. h3 Nh6 29. Bh2 Rfe8 30. Qf6 Kh7 31. Be5 Rg8 32. Qxa6 Rc8 33. Qf6 Rc2 34. Rf2 Rc6 35. Qf4 Rc4 36. Qf6 Rc6 37. Qf4 Rc4 38. Qf6 1/2-1/2

[Event "Poronin Tatra Limba op"]
[Site "Poronin"]
[Date "2021.05.22"]
[Round "1"]
[White "Fiedorek, Michal"]
[Black "Furtak, Joanna"]
[Result "1-0"]
[WhiteElo "2205"]
[BlackElo "1892"]
[PlyCount "101"]
[EventDate "2021.05.22"]
[EventType "swiss"]
[EventRounds "9"]
[EventCountry "POL"]
[SourceTitle "EXT 2022"]
[Source "ChessBase"]
[SourceDate "2021.10.06"]
[SourceVersion "1"]
[SourceVersionDate "2021.10.06"]
[SourceQuality "1"]

1. d4 Nf6 2. c4 g6 3. Nc3 Bg7 4. e4 d6 5. h3 0-0 6. Be3 c5 7. Nf3 cxd4 8. Nxd4 Nc6 9. Be2 Bd7 10. 0-0 Nxd4 11. Bxd4 Bc6 12. Qc2 Rc8 13. Rad1 Qc7 14. Qb1 b6 15. Rfe1 Qb7 16. Nd5 Nxd5 17. exd5 Bd7 18. Qd3 Bxd4 19. Qxd4 a6 20. Qe3 Rce8 21. b4 e6 22. dxe6 Rxe6 23. Qd2 Bc6 24. Bf1 Rxe1 25. Rxe1 Rd8 26. Qd4 d5 27. Qf6 Rf8 28. Re7 Qa8 29. h4 Be8 30. Qxb6 dxc4 31. Bxc4 Bb5 32. Bb3 Qc8 33. Qd4 Qf5 34. Kh2 h5 35. Bd5 Kh7 36. Re5 Qd7 37. Qe4 Qc7 38. g3 Kg7 39. Re7 Qb6 40. Kg2 Qf6 41. a3 Qa1 42. Qf3 Qf6 43. Ra7 Qxf3+ 44. Kxf3 Rd8 45. Rxf7+ Kh6 46. Be4 Rd6 47. Ke3 Be8 48. Re7 Bb5 49. f3 Rb6 50. g4 hxg4 51. fxg4 1-0

[Event "World Corporate East A"]
[Site "Chess.com INT"]
[Date "2021.02.20"]
[Round "5.1"]
[White "Kadatsky, Alexander"]
[Black "Furtak, Joanna"]
[Result "1-0"]
[WhiteElo "2368"]
[BlackElo "1868"]
[PlyCount "57"]
[EventDate "2021.02.19"]
[EventType "team (rapid)"]
[EventRounds "7"]
[EventCountry "USA"]
[SourceTitle "EXT 2022"]
[Source "ChessBase"]
[SourceDate "2021.10.06"]
[SourceVersion "1"]
[SourceVersionDate "2021.10.06"]
[SourceQuality "1"]
[WhiteTeam "SBER"]
[BlackTeam "Sabre"]
[WhiteTeamCountry "RUS"]
[BlackTeamCountry "POL"]

1. e4 c5 2. Nf3 Nc6 3. Bb5 g6 4. 0-0 Bg7 5. Re1 e5 6. Bxc6 dxc6 7. d3 b6 8. a4 Ne7 9. a5 Bb7 10. Be3 h6 11. Nbd2 0-0 12. Nc4 Qc7 13. Qd2 Kh7 14. Qc3 f6 15. Qb3 Nc8 16. a6 Bxa6 17. Rxa6 b5 18. Ncd2 Qb7 19. Rea1 Nb6 20. Bxc5 Rfd8 21. h4 Rdb8 22. Bxb6 axb6 23. Rxa8 Rxa8 24. Rxa8 Qxa8 25. g3 Qa1+ 26. Kg2 Qd1 27. Nf1 g5 28. Ne3 Qc1 29. Qf7 1-0

[Event "POL-ch U20 Girls"]
[Site "Pokrzywna"]
[Date "2020.12.04"]
[Round "7"]
[White "Adamczyk, Zuzanna"]
[Black "Furtak, Joanna"]
[Result "1-0"]
[WhiteElo "1924"]
[BlackElo "1837"]
[PlyCount "171"]
[EventDate "2020.11.30"]
[EventType "swiss"]
[EventRounds "9"]
[EventCountry "POL"]
[SourceTitle "CBM 199 Extra"]
[Source "ChessBase"]
[SourceDate "2021.01.31"]
[SourceVersion "1"]
[SourceVersionDate "2021.01.31"]
[SourceQuality "1"]

1. d4 Nf6 2. c4 g6 3. g3 Bg7 4. Bg2 0-0 5. Nf3 d6 6. Nc3 Nc6 7. 0-0 a6 8. b3 Rb8 9. d5 Na5 10. Bg5 c5 11. dxc6 Nxc6 12. Rc1 h6 13. Bd2 Bd7 14. Nd5 Kh7 15. Bc3 Nxd5 16. cxd5 Ne5 17. Nxe5 Bxe5 18. Bxe5 dxe5 19. Qd2 Qb6 20. Rc4 Kg7 21. Qc3 f6 22. Rd1 Qd6 23. f4 exf4 24. gxf4 Rfc8 25. Qd4 g5 26. Rf1 Bb5 27. Rxc8 Rxc8 28. Qe4 gxf4 29. Bh3 Bd7 30. Bxd7 Qxd7 31. Rxf4 Rc5 32. Rg4+ Kf8 33. Qf4 Rxd5 34. Qxh6+ Kf7 35. Qh7+ Ke6 36. Re4+ Kd6 37. h4 e6 38. Qg6 f5 39. Re3 Rd4 40. Qf6 Rg4+ 41. Kf2 Kc7 42. Qe5+ Kb6 43. Rd3 Qe7 44. Qe3+ Kc7 45. Qe5+ Kb6 46. Qd6+ Qxd6 47. Rxd6+ Kc5 48. Rxe6 Rxh4 49. Re5+ Kd4 50. Rxf5 Ke4 51. Rf7 Rh2+ 52. Ke1 Rh1+ 53. Kd2 Ra1 54. a4 Ra2+ 55. Kc3 b5 56. axb5 axb5 57. Kb4 Rb2 58. Re7+ Kd5 59. e4+ Kd6 60. Re8 Rb1 61. e5+ Kd7 62. Rb8 Kc6 63. Rc8+ Kb6 64. Rd8 Re1 65. Rd6+ Kb7 66. Rd5 Ka6 67. Rd6+ Kb7 68. e6 Kc7 69. Ra6 Kb7 70. Rd6 Kc7 71. Rd7+ Kc6 72. Re7 Re3 73. Re8 Kc7 74. Kxb5 Rxb3+ 75. Kc5 Rb1 76. Ra8 Rc1+ 77. Kd5 Rd1+ 78. Ke5 Re1+ 79. Kf6 Kd6 80. Rd8+ Kc7 81. e7 Rf1+ 82. Kg5 Rg1+ 83. Kf4 Rf1+ 84. Kg3 Re1 85. e8Q Rxe8 86. Rxe8 1-0

[Event "Krakow op-B 29th"]
[Site "Krakow"]
[Date "2018.12.29"]
[Round "4"]
[White "Vasilenko, Ekaterina"]
[Black "Furtak, Joanna"]
[Result "1-0"]
[WhiteElo "1791"]
[BlackElo "1888"]
[PlyCount "91"]
[EventDate "2018.12.27"]
[EventType "swiss"]
[EventRounds "9"]
[EventCountry "POL"]
[SourceTitle "CBM 189 Extra"]
[Source "ChessBase"]
[SourceDate "2019.06.03"]
[SourceVersion "1"]
[SourceVersionDate "2019.06.03"]
[SourceQuality "1"]

1. e4 c5 2. Nf3 e6 3. d4 cxd4 4. Nxd4 Nc6 5. Be3 a6 6. c4 Nf6 7. f3 Be7 8. Nc3 d6 9. Be2 0-0 10. 0-0 Re8 11. Qd2 Qc7 12. Rac1 Ne5 13. b4 Bd7 14. Nd1 Rec8 15. Nf2 Nc6 16. Nb3 Qd8 17. Nd3 b6 18. a4 Rab8 19. b5 axb5 20. cxb5 Ne5 21. Nxe5 dxe5 22. Qb2 Rxc1 23. Rxc1 Bd6 24. Nd2 Qe7 25. Nc4 Bc5 26. Qxe5 Bxe3+ 27. Nxe3 Ra8 28. Qd4 e5 29. Qxb6 Qb4 30. Nc4 Rxa4 31. Qd8+ Be8 32. b6 Qc5+ 33. Kf1 Rb4 34. Qc7 Qb5 35. Qc8 Kf8 36. Rd1 h6 37. Ra1 Rb3 38. Nd2 Qxb6 39. Nxb3 Qxb3 40. Qc5+ Kg8 41. Qxe5 Qb7 42. Rd1 Kf8 43. Qd6+ Kg8 44. e5 Nd7 45. Qe7 Qc8 46. Bb5 1-0